Služby zamestnanosti - novela zákona
Zákon o službách zamestnanosti. Novela zákona. Príspevok na podporu udržania zamestnanosti. Príspevok na vytvorenie nového pracovného miesta. Príspevok ku mzde zamestnanca. Príspevok na podporu samostatnej zárobkovej činnosti. Príspevok na SZČ v oblasti spracovania. Základné pravidlá pri využívaní t...
Saved in:
| Main Author: | |
|---|---|
| Format: | Book Chapter |
| Language: | Slovak |
| Subjects: | |
| Tags: |
No Tags, Be the first to tag this record!
|
MARC
| LEADER | 00000naa$a2200000$$$4500 | ||
|---|---|---|---|
| 001 | 0094457 | ||
| 005 | 20231120113311.7 | ||
| 041 | 0 | |a slo | |
| 044 | |a SK | ||
| 245 | 1 | 0 | |a Služby zamestnanosti - novela zákona |c Eva Kováčiková |
| 520 | |a Zákon o službách zamestnanosti. Novela zákona. Príspevok na podporu udržania zamestnanosti. Príspevok na vytvorenie nového pracovného miesta. Príspevok ku mzde zamestnanca. Príspevok na podporu samostatnej zárobkovej činnosti. Príspevok na SZČ v oblasti spracovania. Základné pravidlá pri využívaní tzv. flexikonta. | ||
| 610 | 2 | 0 | |a zamestnanosť |
| 610 | 2 | 0 | |a služby |
| 610 | 2 | 0 | |a zákony |
| 610 | 2 | 0 | |a novelizácia |
| 610 | 2 | 0 | |a príspevky sociálne |
| 610 | 2 | 0 | |a miesta pracovné |
| 610 | 2 | 0 | |a cena práce |
| 100 | 1 | |a Kováčiková, Eva | |